Slovenské podniky s francúzskou kapitálovou účasťou v procesoch reštrukturalizácie a globalizácie

Otázky reštrukturalizácie, internacionalizácie a globalizácie z hľadiska podnikov s francúzskou kapitálovou účasťou na slovenskom trhu. Miesto podniku s francúzskou kapitálovou účasťou na slovenskom trhu v procese reštrukturalizácie. Hlavní zahraniční investori na Slovensku. Prechod od internacional...

Ausführliche Beschreibung

Gespeichert in:
Bibliographische Detailangaben
1. Verfasser: Kita, Jaroslav
Format: Buchkapitel
Sprache:Slowakisch
Schlagworte:
Tags: Tag hinzufügen
Keine Tags, Fügen Sie das erste Tag hinzu!

MARC

LEADER 00000naa a2200000 4500
001 r040783
005 20230825104021.4
041 0 |a slo 
044 |a SK 
245 1 0 |a Slovenské podniky s francúzskou kapitálovou účasťou v procesoch reštrukturalizácie a globalizácie  |c Jaroslav Kita 
520 |a Otázky reštrukturalizácie, internacionalizácie a globalizácie z hľadiska podnikov s francúzskou kapitálovou účasťou na slovenskom trhu. Miesto podniku s francúzskou kapitálovou účasťou na slovenskom trhu v procese reštrukturalizácie. Hlavní zahraniční investori na Slovensku. Prechod od internacionalizácie ku globalizácii. 
610 2 0 |a podnik zahraničný 
610 2 0 |a kapitál zahraničný 
610 2 0 |a podnik 
610 2 0 |a reštrukturalizácia 
610 2 0 |a Slovensko 
610 2 0 |a investície priame zahraničné 
610 2 0 |a Francúzsko 
610 2 0 |a globalizácia hospodárstva 
100 1 |a Kita, Jaroslav